[Event "4NCL/Div1/WRO1 vs. SLO1"]
[Site "Birmingham ENG"]
[Date "2002.01.19"]
[Round "5.4"]
[White "McNab, Colin A"]
[Black "Gayson, Peter M"]
[Result "1-0"]
[WhiteElo "2425"]
[BlackElo "2281"]
[PlyCount "61"]
[EventDate "2002.01.19"]
[SourceDate "2001.01.01"]

1. c4 e5 2. Nc3 d6 3. Nf3 f5 4. d4 e4 5. Ng5 Nf6 6. h4 Be7 7. e3 O-O 8. b4 c6
9. Qb3 Ng4 10. f3 exf3 11. gxf3 Nh6 12. Bd2 Bxg5 13. hxg5 Qxg5 14. O-O-O Nf7
15. Ne2 Na6 16. Nf4 Nc7 17. Bd3 Qe7 18. Rdg1 Ng5 19. Rg3 Nce6 20. d5 cxd5 21.
cxd5 Nxf4 22. exf4 Nf7 23. Qc3 g6 24. Qd4 Bd7 25. Bc3 Ne5 26. fxe5 dxe5 27.
Qxe5 Qxe5 28. Bxe5 Rac8+ 29. Kb2 f4 30. Rxg6+ hxg6 31. Bxg6 1-0

[Event "4NCL/Div1/WRO1 vs. SLO1"]
[Site "Birmingham ENG"]
[Date "2002.01.19"]
[Round "5.5"]
[White "Buckley, Simon T"]
[Black "Johnson, Nigel A. (reserve)"]
[Result "1-0"]
[WhiteElo "2249"]
[BlackElo "1672"]
[PlyCount "49"]
[EventDate "2002.01.19"]
[SourceDate "2001.01.01"]

1. e4 d6 2. d4 e5 3. Nf3 Nc6 4. d5 Nce7 5. c4 f5 6. Nc3 Nf6 7. Bd3 f4 8. c5 h6
9. cxd6 cxd6 10. g3 g5 11. h4 g4 12. Nh2 f3 13. Be3 Bd7 14. Rc1 Nc8 15. O-O Nb6
16. a4 Nc8 17. Qb3 b6 18. Bb5 Rg8 19. Bc6 Rb8 20. Nb5 Nxe4 21. Qc2 Nf6 22. Qf5
Bxc6 23. Rxc6 Nxd5 24. Qe6+ Nde7 25. Nc7+ 1-0

[Event "4NCL/Div1/WRO1 vs. SLO1"]
[Site "Birmingham ENG"]
[Date "2002.01.19"]
[Round "5.8"]
[White "Smith, Andrew P"]
[Black "Keeling, Karen"]
[Result "1-0"]
[WhiteElo "2223"]
[BlackElo "2048"]
[PlyCount "37"]
[EventDate "2002.01.19"]
[SourceDate "2001.01.01"]

1. e4 c6 2. d4 d5 3. e5 Bf5 4. c4 dxc4 5. Bxc4 e6 6. Nc3 h5 7. Nge2 Nd7 8. O-O
Ne7 9. Bg5 Qa5 10. a3 c5 11. b4 cxb4 12. axb4 Qb6 13. d5 exd5 14. Bxd5 Nc6 15.
Qb3 Be6 16. Bxe6 fxe6 17. Qxe6+ Ne7 18. Qa2 Qg6 19. Nb5 1-0

[Event "4NCL/Div1/WGR2 vs. BAR2"]
[Site "Birmingham ENG"]
[Date "2002.01.19"]
[Round "5.1"]
[White "Littlewood, Paul E"]
[Black "Collinson, Adam"]
[Result "1/2-1/2"]
[WhiteElo "2403"]
[BlackElo "2391"]
[PlyCount "42"]
[EventDate "2002.01.19"]
[SourceDate "2001.01.01"]

1. d4 Nf6 2. c4 g6 3. Nc3 Bg7 4. e4 d6 5. Nf3 O-O 6. Be2 Na6 7. O-O e5 8. Be3
Ng4 9. Bg5 Qe8 10. h3 h6 11. Bc1 exd4 12. Nxd4 Nf6 13. Bf3 Nh7 14. Re1 Ng5 15.
Bg4 Bxg4 16. hxg4 Qe5 17. Nf3 Nxf3+ 18. gxf3 Rae8 19. Be3 f5 20. exf5 gxf5 21.
Kg2 Qe6 1/2-1/2

[Event "4NCL/Div1/WGR2 vs. BAR2"]
[Site "Birmingham ENG"]
[Date "2002.01.19"]
[Round "5.2"]
[White "Dishman, Stephen"]
[Black "Levitt, Jonathan P"]
[Result "1/2-1/2"]
[WhiteElo "2323"]
[BlackElo "2412"]
[PlyCount "46"]
[EventDate "2002.01.19"]
[SourceDate "2001.01.01"]

1. d4 Nf6 2. Bg5 e6 3. Nf3 c5 4. e3 h6 5. Bxf6 Qxf6 6. Nbd2 cxd4 7. exd4 d6 8.
Bd3 Qd8 9. Qe2 Be7 10. h4 Nd7 11. O-O-O Nf6 12. c3 Bd7 13. Ne4 Qa5 14. Kb1
O-O-O 15. c4 Kb8 16. Nc3 Rhe8 17. Nd2 Bc6 18. f3 Nh5 19. Qf2 Qb6 20. Rhe1 Ka8
21. Nb3 Rc8 22. f4 g6 23. g4 Nf6 1/2-1/2

[Event "4NCL/Div1/WGR2 vs. BAR2"]
[Site "Birmingham ENG"]
[Date "2002.01.19"]
[Round "5.3"]
[White "Pein, Malcolm"]
[Black "Duncan, Christopher R"]
[Result "1-0"]
[WhiteElo "2424"]
[BlackElo "2336"]
[PlyCount "71"]
[EventDate "2002.01.19"]
[SourceDate "2001.01.01"]

1. c4 e5 2. Nc3 Nf6 3. Nf3 Nc6 4. e3 Bb4 5. Qc2 O-O 6. Nd5 Re8 7. b3 e4 8. Ng1
Bd6 9. a3 b6 10. Ne2 Bb7 11. Bb2 Ne5 12. Nec3 a6 13. Nxe4 Nxe4 14. Qxe4 Ng6 15.
Qc2 b5 16. g3 c6 17. Nc3 c5 18. Nd5 Bxd5 19. cxd5 Qg5 20. Bg2 h5 21. O-O h4 22.
f4 Qh6 23. Qf5 Rad8 24. a4 Ne7 25. Qh3 f5 26. axb5 axb5 27. Ra6 Rf8 28. Qxh4
Qxh4 29. gxh4 Nc8 30. Be5 Bxe5 31. fxe5 Rde8 32. d4 f4 33. exf4 cxd4 34. d6 d3
35. Ra2 Nb6 36. Rd2 1-0

[Event "4NCL/Div1/WGR2 vs. BAR2"]
[Site "Birmingham ENG"]
[Date "2002.01.19"]
[Round "5.4"]
[White "Berry, Neil"]
[Black "Lee, Graham D"]
[Result "1/2-1/2"]
[WhiteElo "2257"]
[BlackElo "2338"]
[PlyCount "48"]
[EventDate "2002.01.19"]
[SourceDate "2001.01.01"]

1. d4 Nf6 2. c4 c5 3. d5 e5 4. Nc3 d6 5. e4 Be7 6. g3 O-O 7. h4 a6 8. a4 Ne8 9.
Bh3 Bxh3 10. Nxh3 Nd7 11. Kf1 Nc7 12. Qd3 Rb8 13. a5 b5 14. axb6 Rxb6 15. Na4
Rb7 16. Bd2 Qb8 17. Kg2 Ne8 18. Ra3 g6 19. h5 Ng7 20. hxg6 fxg6 21. f3 Nh5 22.
Nf2 Qd8 23. Qe3 Rf7 24. Nd3 Qb8 1/2-1/2

[Event "4NCL/Div1/WGR2 vs. BAR2"]
[Site "Birmingham ENG"]
[Date "2002.01.19"]
[Round "5.5"]
[White "Tan, Desmond"]
[Black "Collins, Sam"]
[Result "1/2-1/2"]
[WhiteElo "2281"]
[BlackElo "2299"]
[PlyCount "71"]
[EventDate "2002.01.19"]
[SourceDate "2001.01.01"]

1. e4 c5 2. Nc3 Nc6 3. Bb5 Nd4 4. Bc4 e6 5. Nf3 Ne7 6. O-O Nec6 7. Nxd4 cxd4 8.
Ne2 Be7 9. d3 O-O 10. a3 Rb8 11. f4 b5 12. Bb3 Bb7 13. Kh1 Bd6 14. Qe1 Qc7 15.
Bd2 Kh8 16. f5 Be5 17. Nf4 Ne7 18. Qh4 Rbe8 19. Bb4 Bf6 20. Qg3 Be5 21. Qh4 Bf6
22. Qh3 exf5 23. Nh5 Be5 24. exf5 a5 25. Bxe7 Rxe7 26. Qg4 f6 27. Rae1 a4 28.
Ba2 Qxc2 29. Nf4 g5 30. fxg6 Rg7 31. Re2 Qc7 32. Nd5 Qd6 33. Nf4 Bxf4 34. Qxf4
Qxf4 35. Rxf4 Rc8 36. h3 1/2-1/2

[Event "4NCL/Div1/WGR2 vs. BAR2"]
[Site "Birmingham ENG"]
[Date "2002.01.19"]
[Round "5.6"]
[White "Twyble, Michael S"]
[Black "Law, Andrew P"]
[Result "1/2-1/2"]
[WhiteElo "2220"]
[BlackElo "2302"]
[PlyCount "25"]
[EventDate "2002.01.19"]
[SourceDate "2001.01.01"]

1. e4 c5 2. Nf3 Nc6 3. d4 cxd4 4. Nxd4 Nf6 5. Nc3 d6 6. Bg5 e6 7. Qd2 Qb6 8.
O-O-O Qxd4 9. Qxd4 Nxd4 10. Rxd4 a6 11. Be2 Bd7 12. Rhd1 Bc6 13. a4 1/2-1/2

[Event "4NCL/Div1/WGR2 vs. BAR2"]
[Site "Birmingham ENG"]
[Date "2002.01.19"]
[Round "5.7"]
[White "Savage, Ben D"]
[Black "Shikerov, Stefan"]
[Result "0-1"]
[WhiteElo "2150"]
[BlackElo "2298"]
[PlyCount "174"]
[EventDate "2002.01.19"]
[SourceDate "2001.01.01"]

1. d4 d5 2. Nf3 e6 3. Bf4 c5 4. e3 Nc6 5. c3 Nf6 6. Be2 Be7 7. h3 O-O 8. O-O b6
9. Nbd2 Bb7 10. Ne5 cxd4 11. Nxc6 Bxc6 12. cxd4 Bd6 13. Rc1 Bb7 14. Bxd6 Qxd6
15. Qa4 a5 16. Rc3 Rfc8 17. Rfc1 Rxc3 18. Rxc3 Rc8 19. Rxc8+ Bxc8 20. Qc2 Bd7
21. Nf3 Qc6 22. Qxc6 Bxc6 23. Ne5 Be8 24. Bd3 h6 25. Kf1 Kf8 26. Ke2 Ke7 27.
Kd2 Kd6 28. Kc3 Ng8 29. b4 Ne7 30. bxa5 bxa5 31. Bc2 f6 32. Nd3 Bb5 33. Nc5 Nc6
34. Bd3 Bxd3 35. Nxd3 e5 36. Nc5 exd4+ 37. exd4 h5 38. a3 g5 39. Kd3 f5 40. Ke3
f4+ 41. Kd3 h4 42. Nb3 g4 43. f3 g3 44. Nc5 Ke7 45. Kc3 Kf6 46. Nd3 Kf5 47. Ne1
Na7 48. Kb3 Nb5 49. Nc2 Nd6 50. Ka4 Nc4 51. Kb5 Ke6 52. a4 Nd2 53. Ne1 Nb3 54.
Nc2 Kd6 55. Kb6 Kd7 56. Ne1 Kd6 57. Nc2 Nd2 58. Kxa5 Nxf3 59. Kb6 Ng5 60. Ne1
f3 61. gxf3 Ne6 62. Ng2 Nxd4 63. Nxh4 Kd7 64. Kc5 Nf5 65. Ng2 d4 66. Kb4 Ne3
67. Ne1 Nc2+ 68. Nxc2 g2 69. Nxd4 g1=Q 70. Kc5 Qg3 71. Kd5 Qxh3 72. f4 Qa3 73.
Ke5 Qe3+ 74. Kd5 Qxf4 75. Kc5 Qc1+ 76. Kb4 Qb2+ 77. Nb3 Kc7 78. a5 Kc6 79. Ka4
Qc2 80. Ka3 Qc4 81. Kb2 Kb5 82. Ka3 Qc3 83. a6 Kxa6 84. Ka4 Kb6 85. Ka3 Kb5 86.
Ka2 Kb4 87. Nc1 Qc2+ 0-1

[Event "4NCL/Div1/WGR2 vs. BAR2"]
[Site "Birmingham ENG"]
[Date "2002.01.19"]
[Round "5.8"]
[White "Rutherford, Elaine"]
[Black "Jackson, Sheila A"]
[Result "1-0"]
[WhiteElo "2043"]
[BlackElo "2183"]
[PlyCount "135"]
[EventDate "2002.01.19"]
[SourceDate "2001.01.01"]

1. e4 e5 2. Bc4 Nf6 3. d3 Bc5 4. Nf3 Nc6 5. O-O d6 6. Bg5 h6 7. Bh4 O-O 8. Nc3
Be6 9. Nd5 Bxd5 10. Bxd5 Qe7 11. c3 Nd8 12. b4 Bb6 13. Nd2 c6 14. Bb3 g5 15.
Bg3 Ne6 16. Nc4 Nf4 17. Ne3 N6h5 18. Nf5 Qf6 19. Bxf4 Nxf4 20. g3 Nd5 21. Qf3
Nxc3 22. Rac1 Bd4 23. Kg2 g4 24. Qxg4+ Kh7 25. Qf3 Qg6 {(=)} 26. h4 Rad8 27.
Ne7 Qg7 28. a4 a6 29. Rc2 Kh8 30. Rh1 Rd7 31. Nf5 Qg6 32. h5 Qh7 33. Rh4 Rg8
34. Rh3 Rg5 35. Ne7 Qg7 36. Nf5 Qf8 37. Rh4 d5 38. Rg4 dxe4 39. dxe4 Rxg4 40.
Qxg4 Rd8 41. Qh4 Kh7 42. Bxf7 Rd7 43. Be6 Rc7 44. Qg4 Qe8 45. Nd6 Qf8 46. Qg6+
Kh8 47. Nf7+ Rxf7 48. Qxf7 Qxf7 49. Bxf7 Nxe4 50. f4 Nd6 51. Bg6 exf4 52. gxf4
Kg7 53. Rd2 c5 54. bxc5 Bxc5 55. Rd5 Bb4 56. Kf3 Kf6 57. Bd3 a5 58. Kg4 b6 59.
Bf5 Nc4 60. Kf3 Bc5 61. Bd7 Ke7 62. Bb5 Nd6 63. Re5+ Kf6 64. Bd7 Kf7 65. Re6
Kg7 66. Rg6+ Kh7 67. Kg4 Nc4 68. Kf5 1-0

[Event "4NCL/Div1/BAR1 vs. BGR2"]
[Site "Birmingham ENG"]
[Date "2002.01.19"]
[Round "5.1"]
[White "Parker, Jonathan"]
[Black "Norwood, David"]
[Result "1-0"]
[WhiteElo "2532"]
[BlackElo "2507"]
[PlyCount "83"]
[EventDate "2002.01.19"]
[SourceDate "2001.01.01"]

1. d4 g6 2. e4 Bg7 3. c4 d6 4. Nc3 Nf6 5. Be2 O-O 6. Be3 b6 7. Nf3 Bb7 8. Qc2
Nbd7 9. O-O Ng4 10. Bg5 h6 11. Bh4 g5 12. Bg3 e6 13. h3 Ngf6 14. Rad1 Nh5 15.
Bh2 Nf4 16. Rfe1 Nxe2+ 17. Qxe2 Qe7 18. e5 Rad8 19. exd6 cxd6 20. Nd5 Qe8 21.
Bxd6 exd5 22. Qc2 dxc4 23. Rxe8 Rfxe8 24. Qxc4 Nf6 25. Bg3 Rc8 26. Qd3 Be4 27.
Qa3 Rc2 28. Be5 Nd5 29. Re1 Bxf3 30. Qxf3 Nf4 31. Qb3 Re2 32. Rxe2 Nxe2+ 33.
Kf1 Bxe5 34. Qa4 Re7 35. dxe5 Nf4 36. g3 Ng6 37. f4 Kg7 38. Qd4 Kf8 39. Qd8+
Re8 40. Qd6+ Kg7 41. Qf6+ Kg8 42. f5 1-0

[Event "4NCL/Div1/BAR1 vs. BGR2"]
[Site "Birmingham ENG"]
[Date "2002.01.19"]
[Round "5.2"]
[White "Mestel, A. Jonathan"]
[Black "Kelly, Brian"]
[Result "1-0"]
[WhiteElo "2495"]
[BlackElo "2445"]
[PlyCount "73"]
[EventDate "2002.01.19"]
[SourceDate "2001.01.01"]

1. c4 c5 2. Nf3 Nf6 3. g3 b6 4. Bg2 Bb7 5. d3 g6 6. e4 d6 7. Nc3 Bg7 8. O-O O-O
9. a3 Nc6 10. Rb1 Nd7 11. Bd2 e6 12. Bg5 Bf6 13. Qd2 Rb8 14. h4 a6 15. b4 Ba8
16. b5 axb5 17. Nxb5 Nde5 18. Nh2 Bxg5 19. hxg5 f6 20. f4 Nf7 21. gxf6 Qxf6 22.
Nc7 Bb7 23. e5 dxe5 24. Rxb6 Qe7 25. Bxc6 Qxc7 26. Rxb7 Rxb7 27. Bxb7 Qxb7 28.
Ng4 exf4 29. Qxf4 Qe7 30. Nf6+ Kh8 31. Ne4 Kg7 32. Qf2 e5 33. a4 Rd8 34. Qxc5
Qe8 35. Qb5 Qe6 36. c5 Qg4 37. c6 1-0

[Event "4NCL/Div1/BAR1 vs. BGR2"]
[Site "Birmingham ENG"]
[Date "2002.01.19"]
[Round "5.3"]
[White "Knott, Simon"]
[Black "Hennigan, Michael T"]
[Result "1/2-1/2"]
[WhiteElo "2383"]
[BlackElo "2451"]
[PlyCount "92"]
[EventDate "2002.01.19"]
[SourceDate "2001.01.01"]

1. Nf3 Nf6 2. c4 g6 3. Nc3 Bg7 4. e4 d6 5. d4 O-O 6. Be2 e5 7. O-O Nc6 8. d5
Ne7 9. Ne1 Ne8 10. a4 f5 11. a5 fxe4 12. Nxe4 Nf5 13. Bg5 Nf6 14. Ra3 h6 15.
Nxf6+ Bxf6 16. Bd2 Bg7 17. Nc2 Bd7 18. b4 Qe7 19. c5 Rae8 20. a6 b6 21. cxb6
cxb6 22. b5 Nd4 23. Nxd4 exd4 24. Bd3 Bf5 25. Bb4 Bxd3 26. Rxd3 Rf5 27. Rg3 Qf7
28. Qd3 Kh7 29. Rc1 Qxd5 30. Rc7 Qxb5 31. Qxd4 Qe5 32. Qd2 Re7 33. Bc3 Qe4 34.
Rxe7 Qxe7 35. Re3 Qd7 36. Bxg7 Qxg7 37. h4 d5 38. Qe2 Rf7 39. h5 gxh5 40. Qd3+
Qg6 41. Qxd5 h4 42. Re6 Qb1+ 43. Kh2 Qf5 44. Qxf5+ Rxf5 45. Re7+ Kg6 46. Rxa7
Rxf2 1/2-1/2

[Event "4NCL/Div1/BAR1 vs. BGR2"]
[Site "Birmingham ENG"]
[Date "2002.01.19"]
[Round "5.4"]
[White "McDonald, Neil R"]
[Black "Palliser, Richard"]
[Result "1/2-1/2"]
[WhiteElo "2398"]
[BlackElo "2443"]
[PlyCount "41"]
[EventDate "2002.01.19"]
[SourceDate "2001.01.01"]

1. e4 c5 2. Nf3 d6 3. c3 Nf6 4. Be2 g6 5. O-O Bg7 6. Bb5+ Bd7 7. Bxd7+ Qxd7 8.
Re1 O-O 9. d4 cxd4 10. cxd4 d5 11. e5 Ne4 12. Nc3 Nxc3 13. bxc3 Nc6 14. Rb1
Rac8 15. Qb3 b6 16. Qb5 Nb8 17. Ba3 Rfe8 18. Qd3 Qf5 19. Qb5 Qd7 20. Qd3 Qf5
21. Qb5 1/2-1/2

[Event "4NCL/Div1/BAR1 vs. BGR2"]
[Site "Birmingham ENG"]
[Date "2002.01.19"]
[Round "5.5"]
[White "Rogers, Jonathan W"]
[Black "Cooper, Lawrence"]
[Result "1-0"]
[WhiteElo "2346"]
[BlackElo "2366"]
[PlyCount "79"]
[EventDate "2002.01.19"]
[SourceDate "2001.01.01"]

1. Nf3 Nf6 2. d4 d5 3. Bg5 Ne4 4. Bf4 c5 5. dxc5 e6 6. Nbd2 Nxc5 7. e3 Nc6 8.
Nb3 Nxb3 9. axb3 Be7 10. c3 O-O 11. b4 Bf6 12. b5 Ne7 13. Bd3 Ng6 14. Bg3 Re8
15. O-O e5 16. e4 d4 17. cxd4 exd4 18. Nd2 Bh4 19. f4 Bxg3 20. hxg3 f6 21. Qh5
Nf8 22. f5 Re7 23. g4 Qe8 24. Qh2 Nd7 25. Bc4+ Kh8 26. Ra3 h6 27. Rg3 Ne5 28.
Bd5 Qf8 29. g5 fxg5 30. Rxg5 Bd7 31. Nf3 Nxf3+ 32. Rxf3 d3 33. Rxd3 Bxb5 34.
Rh3 Rxe4 35. Qg3 Qc5+ 36. Kh2 Qxd5 37. Rxg7 Qd2 38. Rg6 Kh7 39. Rgxh6+ Qxh6 40.
Qg6+ 1-0

[Event "4NCL/Div1/BAR1 vs. BGR2"]
[Site "Birmingham ENG"]
[Date "2002.01.19"]
[Round "5.6"]
[White "Richardson, John R"]
[Black "Crouch, Colin S"]
[Result "1-0"]
[WhiteElo "2308"]
[BlackElo "2360"]
[PlyCount "55"]
[EventDate "2002.01.19"]
[SourceDate "2001.01.01"]

1. d4 Nf6 2. c4 e6 3. Nc3 Bb4 4. e3 b6 5. Bd3 Bb7 6. Nge2 c5 7. O-O cxd4 8.
exd4 O-O 9. Bg5 h6 10. Bxf6 Qxf6 11. Bc2 d5 12. cxd5 exd5 13. Qd3 g6 14. Qh3
Kg7 15. f4 Rd8 16. f5 g5 17. Ng3 Qxd4+ 18. Kh1 f6 19. Qh5 Bf8 20. Rad1 Qe5 21.
Rfe1 Qc7 22. Qg6+ Kh8 23. Qxf6+ Kg8 24. Nh5 Na6 25. Qg6+ Kh8 26. f6 Rd7 27. Nb5
Qc6 28. Nd4 1-0

[Event "4NCL/Div1/BAR1 vs. BGR2"]
[Site "Birmingham ENG"]
[Date "2002.01.19"]
[Round "5.7"]
[White "Ferguson, Mark"]
[Black "Black, Richard"]
[Result "1-0"]
[WhiteElo "2376"]
[BlackElo "2246"]
[PlyCount "77"]
[EventDate "2002.01.19"]
[SourceDate "2001.01.01"]

1. e4 g6 2. d4 Bg7 3. Nc3 c6 4. Nf3 d6 5. h3 Nd7 6. Be3 b5 7. Bd3 b4 8. Ne2
Ngf6 9. a3 bxa3 10. Rxa3 O-O 11. O-O Bb7 12. Nd2 Qc7 13. c3 c5 14. b4 Rfc8 15.
Qa1 c4 16. Bc2 e6 17. f4 d5 18. e5 Ne8 19. g4 Bc6 20. Ra5 Rcb8 21. Qe1 Rb5 22.
Rxb5 Bxb5 23. f5 a5 24. bxa5 Rxa5 25. Qf2 Nb6 26. Nf3 Ra2 27. Bb1 Rb2 28. fxe6
fxe6 29. Ng5 Qe7 30. Bxg6 hxg6 31. Qh4 Bf6 32. exf6 Nxf6 33. Nh7 Qxh7 34. Qxf6
Qg7 35. Qxe6+ Kh8 36. Rf7 Bd7 37. Qe7 Qxf7 38. Qxf7 Rxe2 39. Bh6 1-0

[Event "4NCL/Div1/BAR1 vs. BGR2"]
[Site "Birmingham ENG"]
[Date "2002.01.19"]
[Round "5.8"]
[White "Richards, Heather S"]
[Black "Kieran, Rosalind"]
[Result "0-1"]
[WhiteElo "2209"]
[BlackElo "2079"]
[PlyCount "104"]
[EventDate "2002.01.19"]
[SourceDate "2001.01.01"]

1. e4 c5 2. c3 Nf6 3. e5 Nd5 4. Nf3 Nc6 5. Bc4 Nb6 6. Bb3 d5 7. exd6 Qxd6 8.
O-O c4 9. Bc2 Bg4 10. Re1 O-O-O 11. b3 Ne5 12. Rxe5 Bxf3 13. Qe1 Bd5 14. Na3
Qc6 15. Be4 e6 16. Nxc4 Nxc4 17. bxc4 Qxc4 18. d3 Qc6 19. Be3 Qc7 20. Bd4 f6
21. Rh5 e5 22. Bxa7 b6 23. Bf5+ Kb7 24. Bxb6 Kxb6 25. Rb1+ Ka7 26. Rh4 Bc6 27.
Qe3+ Ka8 28. Rc4 Rb8 29. Rc1 Rb6 {(=)} 30. d4 Qd6 31. d5 Bb7 32. Be4 Be7 33.
Ra4+ Kb8 34. c4 Qc5 35. Qd2 Kc7 36. Ra5 Qb4 37. Qxb4 Bxb4 38. Ra7 Bc5 39. a4
Rb2 40. Ra5 Bxf2+ 41. Kf1 Be3 42. Rd1 Kd6 43. Rd3 Bc5 44. Rh3 f5 45. Bf3 Rb1+
46. Ke2 e4 47. Bh5 Rb2+ 48. Kf1 Rf2+ 49. Ke1 e3 50. Kd1 Rxg2 51. Bf3 Rd2+ 52.
Kc1 Re8 0-1

[Event "4NCL/Div1/WES vs. GUI1"]
[Site "Birmingham ENG"]
[Date "2002.01.19"]
[Round "5.1"]
[White "Rossiter, Philip J"]
[Black "Kosten, Anthony C"]
[Result "1/2-1/2"]
[WhiteElo "2380"]
[BlackElo "2533"]
[PlyCount "116"]
[EventDate "2002.01.19"]
[SourceDate "2001.01.01"]

1. e4 e5 2. Nf3 Nc6 3. Bc4 Bc5 4. d3 Nf6 5. c3 a6 6. Nbd2 Ba7 7. O-O O-O 8. Bb3
d6 9. h3 Ne7 10. Re1 Ng6 11. d4 Re8 12. Ng5 Nh8 13. Ngf3 h6 14. Bc2 Ng6 15. Nc4
Bd7 16. Be3 b5 17. dxe5 dxe5 18. Bxa7 Rxa7 19. Ne3 Bc6 20. Nd5 Ra8 21. a4 Qd6
22. Nb4 Qxd1 23. Raxd1 Bb7 24. Nd5 Nxd5 25. exd5 Nf4 26. Rxe5 Rxe5 27. Nxe5
Bxd5 28. f3 Re8 29. Nd3 Nxd3 30. Rxd3 Bc4 31. Rd2 Kf8 32. b3 Be6 33. Kf2 bxa4
34. bxa4 a5 35. Be4 Rb8 36. Ke3 Ke7 37. Bc6 Rb6 38. Bb5 c6 39. Be2 Rb1 40. Kd4
Bb3 41. Kc5 Bxa4 42. Ra2 Bb3 43. Rxa5 Re1 44. Ra7+ Kf6 45. Bd3 Rg1 46. Rb7 Be6
47. Rb2 Ke5 48. Kxc6 Kf4 49. c4 Ke3 50. Be4 Bxc4 51. Kd6 Be2 52. Rb7 Rxg2 53.
Rxf7 Rg3 54. h4 g5 55. hxg5 hxg5 56. Ke5 Bxf3 57. Bxf3 Rxf3 58. Rg7 Rg3 1/2-1/2

[Event "4NCL/Div1/WES vs. GUI1"]
[Site "Birmingham ENG"]
[Date "2002.01.19"]
[Round "5.2"]
[White "Rowson, Jonathan"]
[Black "Poulton, James"]
[Result "1-0"]
[WhiteElo "2512"]
[BlackElo "2409"]
[PlyCount "59"]
[EventDate "2002.01.19"]
[SourceDate "2001.01.01"]

1. e4 e6 2. d4 d5 3. Nc3 Bb4 4. e5 c5 5. a3 Bxc3+ 6. bxc3 Ne7 7. Qg4 Qc7 8. Bd3
c4 9. Bf1 Ng6 10. h4 h5 11. Qf3 Nc6 12. Ne2 Qd8 13. Bg5 Qa5 14. Kd1 Nce7 15. g4
hxg4 16. Qxg4 Bd7 17. h5 Nf5 18. Bh3 Nge7 19. Bxe7 Kxe7 20. Qg5+ f6 21. Qg2
Rxh5 22. Bxf5 Rxh1+ 23. Qxh1 exf5 24. Qh7 Kf7 25. Qh5+ Kg8 26. exf6 Rf8 27.
fxg7 Kxg7 28. Kd2 Rf6 29. Nf4 Bc6 30. Re1 1-0

[Event "4NCL/Div1/WES vs. GUI1"]
[Site "Birmingham ENG"]
[Date "2002.01.19"]
[Round "5.3"]
[White "Webb, Richard M"]
[Black "Plaskett, James"]
[Result "1/2-1/2"]
[WhiteElo "2361"]
[BlackElo "2474"]
[PlyCount "84"]
[EventDate "2002.01.19"]
[SourceDate "2001.01.01"]

1. e4 c5 2. Nc3 Nc6 3. Nge2 e6 4. g3 Nf6 5. Bg2 d6 6. O-O Be7 7. d3 O-O 8. h3
Rb8 9. a4 a6 10. f4 Qc7 11. Be3 b5 12. axb5 axb5 13. Qd2 Rd8 14. Bf2 b4 15. Nd1
Bb7 16. Ne3 d5 17. e5 Nd7 18. g4 Ra8 19. c3 d4 20. cxd4 Nxd4 21. Nxd4 cxd4 22.
Nc2 Bxg2 23. Kxg2 Rxa1 24. Rxa1 Nc5 25. Rd1 Qc6+ 26. Kg3 Nb3 27. Qe2 h6 28. Na1
Nxa1 29. Rxa1 b3 30. Qd2 Kh7 31. Rc1 Qd5 32. Rc4 Bc5 33. Qc1 Bb6 34. Rc6 Rb8
35. Qc4 Qd7 36. Qc1 g6 37. Qc4 h5 38. Rd6 Qa7 39. Bxd4 hxg4 {(=)} 40. hxg4 Bxd4
41. Qxd4 Qa1 42. Rd7 Kg7 1/2-1/2

[Event "4NCL/Div1/WES vs. GUI1"]
[Site "Birmingham ENG"]
[Date "2002.01.19"]
[Round "5.4"]
[White "Gormally, Daniel W"]
[Black "Willmoth, Robert"]
[Result "1-0"]
[WhiteElo "2506"]
[BlackElo "2184"]
[PlyCount "62"]
[EventDate "2002.01.19"]
[SourceDate "2001.01.01"]

1. d4 d6 2. g3 Nf6 3. Bg2 Nbd7 4. e4 e5 5. Ne2 Be7 6. Nbc3 c6 7. O-O O-O 8. a4
Re8 9. h3 b6 10. Be3 Bb7 11. g4 h6 12. Ng3 Qc7 13. f4 exf4 14. Bxf4 Bf8 15. g5
hxg5 16. Bxg5 Nh7 17. Bf4 a6 18. Nf5 b5 19. Qg4 g6 20. Bxd6 Bxd6 21. Nh6+ Kh8
22. Rxf7 Nhf8 23. e5 Bxe5 24. dxe5 Qb6+ 25. Kh1 Nxe5 26. Qh4 Nh7 27. a5 Qa7 28.
Raf1 Nxf7 29. Nxf7+ Kg8 30. Ne4 Rxe4 31. Qxe4 Rf8 1-0

[Event "4NCL/Div1/WES vs. GUI1"]
[Site "Birmingham ENG"]
[Date "2002.01.19"]
[Round "5.5"]
[White "Yeo, Michael J"]
[Black "Povah, Nigel E"]
[Result "0-1"]
[WhiteElo "2206"]
[BlackElo "2351"]
[PlyCount "62"]
[EventDate "2002.01.19"]
[SourceDate "2001.01.01"]

1. e4 d5 2. exd5 Nf6 3. Nf3 Qxd5 4. Nc3 Qa5 5. d4 Bf5 6. Ne5 c6 7. Bc4 e6 8. g4
Bg6 9. h4 Nbd7 10. Nxd7 Nxd7 11. h5 Be4 12. Rh3 Bd5 13. Bd3 O-O-O 14. Bd2 e5
15. dxe5 Nxe5 16. Bf5+ Kc7 17. Nxd5+ Qxd5 18. Bc3 Qc5 19. Qe2 f6 20. b4 Qb6 21.
Bxe5+ fxe5 22. Qxe5+ Bd6 23. Qxg7+ Kb8 24. c3 Rhe8+ 25. Kf1 Be5 26. Qh6 Qb5+
27. Kg1 Qc4 28. Re3 Bf4 29. Rxe8 Rxe8 30. Qxh7 Qxc3 31. Rd1 Qh3 0-1

[Event "4NCL/Div1/WES vs. GUI1"]
[Site "Birmingham ENG"]
[Date "2002.01.19"]
[Round "5.6"]
[White "Kinsman, Andrew P.H"]
[Black "Upton, Ian J"]
[Result "1-0"]
[WhiteElo "2401"]
[BlackElo "2238"]
[PlyCount "75"]
[EventDate "2002.01.19"]
[SourceDate "2001.01.01"]

1. d4 e6 2. Nf3 f5 3. g3 Nf6 4. Bg2 Be7 5. O-O O-O 6. c4 c6 7. b3 a5 8. Bb2 d5
9. Ne5 Nbd7 10. Nd3 g5 11. Nd2 Ne4 12. Nf3 Qe8 13. Nfe5 Ndf6 14. e3 Kg7 15. Qe2
h5 16. f3 Nd6 17. c5 Nf7 18. Nxf7 Rxf7 19. e4 Nd7 20. exf5 exf5 21. Rfe1 Qf8
22. Qd2 Bf6 23. Re6 Re7 24. Rxe7+ Qxe7 25. Re1 Qd8 26. h4 Nf8 27. hxg5 Bxg5 28.
f4 Bf6 29. Bf3 h4 30. gxh4 Ng6 31. h5 Nh4 32. Kf2 Bd7 33. Rg1+ Kh7 34. Be2 Be8
35. Ne5 Qe7 36. Qd3 Qe6 37. Qh3 Rc8 38. Rg5 1-0

[Event "4NCL/Div1/WES vs. GUI1"]
[Site "Birmingham ENG"]
[Date "2002.01.19"]
[Round "5.7"]
[White "Simons, Martin J"]
[Black "Broomfield, Matthew"]
[Result "1/2-1/2"]
[WhiteElo "2230"]
[BlackElo "2230"]
[PlyCount "104"]
[EventDate "2002.01.19"]
[SourceDate "2001.01.01"]

1. e4 Nf6 2. e5 Nd5 3. Qf3 e6 4. Qg3 d6 5. d4 c5 6. c3 cxd4 7. cxd4 Nc6 8. Nf3
Qb6 9. exd6 Nxd4 10. Nxd4 Qxd4 11. Bb5+ Bd7 12. Bxd7+ Kxd7 13. O-O Bxd6 14. Qf3
Qf6 15. Qb3 b6 16. Bd2 Rhc8 17. Nc3 Qh4 18. g3 Qc4 19. Qd1 Ke7 20. Qh5 h6 21.
Nxd5+ Qxd5 22. Qxd5 exd5 23. Bc3 f6 24. Rfd1 Rc5 25. Rd3 Rd8 26. Rad1 Ke6 27.
b4 Rc4 28. a3 Be5 29. Re1 Kd6 30. Bd2 g5 31. Kg2 Rd4 32. Ree3 Rc8 33. Rxd4 Bxd4
34. Rd3 Rc4 35. h4 Ke5 36. hxg5 hxg5 37. f3 Rc2 38. Kh3 Rc4 39. Kg4 a6 40. Kh5
Rc2 41. Kg6 Bf2 42. Be3 b5 43. g4 Re2 44. Bc5 Bxc5 45. bxc5 d4 46. Rd1 Rc2 47.
Re1+ Kd5 48. Kxf6 Kxc5 49. Kxg5 d3 50. f4 Kd4 51. f5 Rf2 52. Kf6 d2 1/2-1/2

[Event "4NCL/Div1/WES vs. GUI1"]
[Site "Birmingham ENG"]
[Date "2002.01.19"]
[Round "5.8"]
[White "Yurenok, Maria S"]
[Black "Howard, Emily"]
[Result "1/2-1/2"]
[WhiteElo "2098"]
[BlackElo "2017"]
[PlyCount "43"]
[EventDate "2002.01.19"]
[SourceDate "2001.01.01"]

1. d4 Nf6 2. Nf3 e6 3. Bg5 d5 4. e3 Be7 5. Bd3 O-O 6. O-O Nbd7 7. c4 c5 8. Nc3
b6 9. Ne5 Bb7 10. cxd5 Nxd5 11. Bxe7 Qxe7 12. Nxd5 exd5 13. Nxd7 Qxd7 14. Rc1
Rac8 15. dxc5 bxc5 16. Qc2 g6 17. Rfd1 Rfd8 18. Be2 d4 19. exd4 cxd4 20. Qd3
Rxc1 21. Rxc1 Qe6 22. a3 1/2-1/2

[Event "4NCL/Div1/WG1-BARB1"]
[Site "Birmingham ENG"]
[Date "2002.??.??"]
[Round "8.1"]
[White "Short, Nigel D"]
[Black "Parker, Jonathan"]
[Result "1-0"]
[WhiteElo "2663"]
[BlackElo "2532"]
[PlyCount "51"]
[EventDate "2002.??.??"]
[SourceDate "2001.01.01"]

1. e4 e5 2. Nf3 Nc6 3. Bb5 Nf6 4. O-O Bc5 5. Nxe5 Nxe4 6. Qe2 Nxe5 7. Qxe4 Qe7
8. Nc3 Ng6 9. Qxe7+ Nxe7 10. Re1 O-O 11. d4 Bb4 12. a3 Bxc3 13. bxc3 Nf5 14. d5
d6 15. f3 f6 16. Rb1 Kf7 17. Rb4 Rd8 18. Rc4 c6 19. dxc6 bxc6 20. Rxc6 Be6 21.
Rc7+ Ne7 22. Bc6 Rac8 23. Rxe7+ Kxe7 24. Bd5 Rxc3 25. Bxe6 a5 26. Bg8+ 1-0